00890nam a2200241 a 450000100060000000300080000600500170001400800410003102000380007203500190011004000350012904100080016408200220017210000220019424500750021625000320029126000560032330000660037950001190044550400370056465000160060170000310061751022BD-RjUL20211209075611.0160829r20052002ii 001 0 eng d a8181474589 (Indian Reprint ISBN) a(BD-RjUL)51142 aBD-RjULbengcBD-RjULdBD-RjUL aeng 223a510bARM 20051 aArfken, George B.10aMathematical methods for physicists /cGeorge B. Arfken, Hans J. Weber a5th ed., Indian Reprint ed. aNew Delhi :bAcademic Press,c2001 [Reprinted 2005] axiv, 1112 + [32] p. :bill. ;c24 cm.e1 Answer Book (32 p.) aIncluding 1 Answer book (32 p.) : "Answer to Miscellaneous Problems: Mathematical methods for physicists" (32 p.) aIncludes bibliography and index. aMathematics1 aWeber, Hans J. , jt. auth.